Music Quiz

Random Music Quiz

Lyrics 'Black Hills of Dakota' Quiz Stats

Quiz not verified by Sporcle

Challenge
Share
Tweet
Embed
Score 0/90 Timer 03:00
1 Play Today
Answer % Correct
of
98.4%
of
98.4%
of
98.4%
of
98.4%
the
96.9%
black
96.9%
the
96.9%
black
96.9%
the
96.9%
the
96.9%
black
96.9%
the
96.9%
black
96.9%
the
96.9%
the
96.9%
the
96.9%
the
96.9%
the
96.9%
black
96.9%
the
96.9%
black
96.9%
the
96.9%
Take
95.3%
to
95.3%
hills,
95.3%
hills
95.3%
Dakota,
95.3%
to
95.3%
hills,
95.3%
hills
95.3%
Answer % Correct
Dakota,
95.3%
take
95.3%
to
95.3%
hills,
95.3%
hills
95.3%
Dakota,
95.3%
to
95.3%
me
93.8%
back
93.8%
me
93.8%
back
93.8%
me
93.8%
back
93.8%
I
92.2%
I
92.2%
I
92.2%
I
92.2%
that
90.6%
that
90.6%
that
90.6%
that
90.6%
love.
87.5%
love.
87.5%
country
82.8%
in
82.8%
country
82.8%
my
81.3%
beautiful
79.7%
so
79.7%
hear
79.7%
Answer % Correct
So,
79.7%
beautiful
79.7%
Indian
78.1%
where
78.1%
Indian
78.1%
heart
75%
Lost
73.4%
sky
71.9%
above.
71.9%
high
70.3%
when
70.3%
from
70.3%
home,
70.3%
home.
70.3%
they
68.8%
And
67.2%
and
67.2%
I'm
67.2%
kiss
65.6%
get
65.6%
feelin'
65.6%
are
64.1%
lonesome
64.1%
miles
64.1%
away
64.1%
callin'
64.1%
pines
62.5%
voice
60.9%
mystic
56.3%
mountains
56.3%

You're not logged in!

Compare scores with friends on all Sporcle quizzes.
Sign Up with Email
OR
Log In

You Might Also Like...

Show Comments

Extras

Top Quizzes Today


Score Distribution

Your Account Isn't Verified!

In order to create a playlist on Sporcle, you need to verify the email address you used during registration. Go to your Sporcle Settings to finish the process.